008490000a22002050004500090001400000245010500014650002300119650001900142650002900161650003900190651002600229653003000255041001300285700002500298100003100323942001300354773007600367999001700443952018300460 aARb0247810aNew subspecies of fringed Myotis, Myotis thysanodes, from the Northwestern coat of the United States14aMamíferos99251014aRoedores9740814aTaxonomía animal9824514aDistribución geográfica992997 4pEstados Unidos992749 gMyotiseMyotis thysanodes0 aInglés1 aJones, J. Knox994981 aManning, Richard W.995986 cARTICULO1 tOccasional Papers: Museum of Texas Tech University3430h123q1-6d1988 c11545d11545 001040718HEMEROTECAaBogotabBogotad2015-02-27eFlórez, Camilo JoséhFuera de circulaciónl0oAR 02478p012886r2015-03-25 00:00:00t1w2015-03-25xDonaciónyARTICULO